LEADER 00889nam a2200205 i 4500 001 000000035625 003 CaOOAMICUS 005 20130612000000.0 008 130612s1900 xx u000 u lat u 013 $a4103 040 $aSeMil$bita 245 10$aAppendix ad Concilium Plenarium Americae Latinae Romae celebratum anno Domini 1899. 260 $aRomae :$bTypis Vaticanis,$c1900. 300 $a779 p. ;$c25 cm. 650 4$aConcilio plenario dell'America Latina <1899>.$0(OLS)http://semarc/subject/6566 700 1 $aConcilio di Roma <1899>.$0(OLS)http://semarc/name/16651 850 $aSeMil 852 $aSeMil$W1$xVenegono$y1$m2J III 8 FA$j1780$B1780$CSeMilBibl$Z2$F1780 $8I 996 $6245$aAppendix ad Concilium Plenarium Americae Latinae Romae celebratum anno Domini 1899$9(OLS)http://semarc/title/48903 996 $6260$aRomae :$bTypis Vaticanis$9(OLS)http://semarc/publisher/32160 LEADER 00964nam a2200217 i 4500 001 000000040949 003 CaOOAMICUS 005 20171207000000.0 008 171207s1838 it u000 u ita u 013 $a12119 040 $aSeMil$bita 100 1 $aAlbèri, Eugenio,$d<1807-1878>.$0(OLS)http://semarc/name/20099 245 10$aVita di Caterina de' Medici :$bsaggio storico /$cdi Eugenio Alberi. 260 $aFirenze :$bV. Batelli e figli,$c1838. 300 $aVIII, 472 p., XVIII c. di tav. :$bill. ;$c26 cm. 600 14$aCaterina : de' Medici .$0(OLS)http://semarc/subject/16774 850 $aSeMil 852 $aSeMil$W1$xVenegono$y1$m3S V 76 FA$j7104$B7104$CSeMilBibl$Z2$F7104 $8I 961 $aOmaggio: Biblioteca Seminario Seveso (fino al 1985) 996 $6245$aVita di Caterina de' Medici :$bsaggio storico$9(OLS)http://semarc/title/402427 996 $6260$aFirenze :$bV. Batelli e figli$9(OLS)http://semarc/publisher/38374